00745nam a2200157Ia 4500008004100000082001500041100000900056245011500065260003300180365000600213630011500219730011500334942000900449999001900458952011000477100415s9999 xx 000 0 und d b12169a630 aANON aAgricultural Markets in the Semi-arid Tropics ; Proceedings of the Internatonal Workshop held at ICRIST Center aANDHRA PRADESHc1985bICRIST b0 aAgricultural Markets in the Semi-arid Tropics ; Proceedings of the Internatonal Workshop held at ICRIST Center aAgricultural Markets in the Semi-arid Tropics ; Proceedings of the Internatonal Workshop held at ICRIST Center cBOOK c595086d595083 00104070aBNHSbBNHSd1998-04-20g0.00l0o630 12169pBNHS-12169r2010-04-15 00:00:00w2010-04-15yBOOK